000 00286nam a22001337a 4500
008 170911b xxu||||| |||| 00| 0 eng d
020 _a0201021161
041 _aeng
080 _a53
100 _a43
101 _aFIZ
245 _aLECTURES ON PHYSICS
_cFEYMAN.L
942 _2udc
_cBK
999 _c27161
_d27161